Commodore Hornblower
Wedi'i Gadw mewn:
| Prif Awdur: | |
|---|---|
| Fformat: | Llyfr |
| Iaith: | Saesneg |
| Cyhoeddwyd: |
Nueva York
Pinnacle Books
1975
|
| Rhifyn: | 1a. ed |
| Cyfres: | Fiction, 8
|
| Pynciau: | |
| Tagiau: |
Ychwanegu Tag
Dim Tagiau, Byddwch y cyntaf i dagio'r cofnod hwn!
|
MARC
| LEADER | 00000cam a2200000 a 4500 | ||
|---|---|---|---|
| 001 | UCC1263 | ||
| 003 | CL-VaPUC | ||
| 008 | 171020e19750000us |||||||||||||||||eng|d | ||
| 020 | |a 0523003889 | ||
| 082 | 0 | 4 | |a 823 |b FOR |2 21 |
| 100 | 0 | |a Forester, Cecil Scott |e author |9 595322 | |
| 245 | 1 | 0 | |a Commodore Hornblower |
| 250 | |a 1a. ed | ||
| 300 | |a 313 p | ||
| 942 | |c BK | ||
| 945 | |d 20171020 15:16:00 |a dcastane | ||
| 260 | |a Nueva York |b Pinnacle Books |c 1975 | ||
| 650 | 0 | |a Novelas inglesas |9 265220 | |
| 650 | 0 | |a Literatura inglesa |9 312907 | |
| 583 | |a last modification |c 20171020 15:16:00 |k Rodrigo Vera | ||
| 490 | 0 | |a Fiction, 8 | |
| 999 | |c 369823 |d 369821 | ||
| 952 | |0 0 |1 0 |3 erb |4 0 |6 823_000000000000000_FOR_1975 |7 0 |8 A |9 485958 |a BIBEDU |b BIBEDU |i 5429560 |o 823 FOR 1975 |p 5429560 |r 2019-11-24 |w 2019-11-24 |y BK |z Catalogado en:20171020 |k LIT | ||